| 000 | 00571nam a2200169Ia 4500 | ||
|---|---|---|---|
| 008 | 090201s9999 xx 000 0 und d | ||
| 010 | _aKPL-18000 | ||
| 040 | _bमराठी | ||
| 041 | _aमराठी | ||
| 082 |
_a8806 _b18000 |
||
| 100 | _aदुर्गा भागवत | ||
| 245 |
_aसिध्दार्थ जातक भाग 3रा _cदुर्गा भागवत |
||
| 260 |
_c2004 _bवरदा बुक्स |
||
| 300 |
_a0 _bमोठा |
||
| 600 | _aसिध्दार्थ जातक भाग 3रा | ||
| 942 | _cBOOK | ||
| 999 |
_c209361 _d209361 |
||